[Event "Titled Tuesday intern op 27th Aug Early"]
[Site "Chess.com INT"]
[Date "2024.08.27"]
[Round "8"]
[White "Emujin, Enkh Amgalan"]
[Black "Bach, Ngoc Thuy Duong"]
[Result "1-0"]
[WhiteElo "2008"]
[BlackElo "2218"]
[PlyCount "87"]
[EventDate "2024.08.27"]
[EventType "swiss (blitz)"]
[EventRounds "11"]
[EventCountry "USA"]
[SourceTitle "EXT 2025"]
[Source "ChessBase"]
[SourceDate "2024.10.14"]
[SourceVersion "1"]
[SourceVersionDate "2024.10.14"]
[SourceQuality "1"]

1. e4 c5 2. Nf3 d6 3. d4 cxd4 4. Nxd4 Nf6 5. Nc3 a6 6. Bg5 e6 7. Qf3 Nbd7 8. 0-0-0 Be7 9. Be2 Qc7 10. Qg3 b5 11. Bxf6 Bxf6 12. Bxb5 axb5 13. Ndxb5 Qb8 14. Nxd6+ Ke7 15. f4 Bxc3 16. Qxc3 Rxa2 17. b3 Ra6 18. e5 Bb7 19. Qb4 Bd5 20. Nf5+ Kd8 21. Qe7+ Kc7 22. Ne3 Ra1+ 23. Kb2 Rxd1 24. Rxd1 Qb5 25. c4 Qc5 26. Qxc5+ Nxc5 27. cxd5 Rb8 28. d6+ Kc6 29. Nc4 Rxb3+ 30. Kc2 Rb5 31. g4 Rb4 32. Kc3 Rb3+ 33. Kd4 Rf3 34. Na5+ Kb5 35. Rb1+ Kxa5 36. Kxc5 Rc3+ 37. Kd4 Rc2 38. Kd3 Rc5 39. Ke4 Rc4+ 40. Ke3 Rc3+ 41. Kd4 Rc2 42. Rb3 Rc8 43. Rc3 Rd8 44. Rc7 1-0

[Event "Titled Tuesday intern op 27th Aug Early"]
[Site "Chess.com INT"]
[Date "2024.08.27"]
[Round "1"]
[White "Korneev, Svyatoslav"]
[Black "Emujin, Enkh Amgalan"]
[Result "1-0"]
[WhiteElo "2193"]
[BlackElo "2008"]
[PlyCount "119"]
[EventDate "2024.08.27"]
[EventType "swiss (blitz)"]
[EventRounds "11"]
[EventCountry "USA"]
[SourceTitle "EXT 2025"]
[Source "ChessBase"]
[SourceDate "2024.10.14"]
[SourceVersion "1"]
[SourceVersionDate "2024.10.14"]
[SourceQuality "1"]

1. c4 e5 2. g3 Nc6 3. Bg2 f5 4. Nc3 Nf6 5. Nh3 d6 6. f4 e4 7. 0-0 Be7 8. d3 exd3 9. exd3 0-0 10. Re1 Ng4 11. Nd5 Bf6 12. Nxf6+ Qxf6 13. Qf3 Nd4 14. Qd1 c6 15. Nf2 Nxf2 16. Kxf2 Bd7 17. Be3 Rae8 18. Qd2 a6 19. Qc3 Ne6 20. Kg1 Qxc3 21. bxc3 Nc5 22. Bxc5 dxc5 23. Rxe8 Rxe8 24. Kf2 Kf7 25. Rb1 b5 26. a4 Rd8 27. axb5 cxb5 28. cxb5 axb5 29. Ke3 Rb8 30. d4 cxd4+ 31. Kxd4 Ke6 32. c4 b4 33. c5 Ba4 34. Bd5+ Kd7 35. Kc4 b3 36. Kc3 Rb5 37. c6+ Kc7 38. Bc4 Rc5 39. Kd4 Rxc6 40. Bxb3 Bxb3 41. Rxb3 Rc2 42. h3 Rd2+ 43. Ke5 g6 44. Kf6 Rd6+ 45. Kg7 Rd7+ 46. Kh6 Kd8 47. Re3 Rf7 48. h4 Rd7 49. Ra3 Kc7 50. Rc3+ Kd8 51. h5 gxh5 52. Re3 Kc7 53. Kg5 Rg7+ 54. Kxf5 Kd6 55. Kf6 Rg6+ 56. Kf7 Rg4 57. f5 Kd5 58. f6 Rg5 59. Ke7 Rf5 60. f7 1-0